000 00623nam a2200181Ia 4500
008 100920s9999 xx 000 0 und d
082 _b96637
_a49 न 06
100 _aमूळ : फॉलेट केन / गुर्जर रविंद्र.
245 _aजॅकडॉज.
260 _bगायत्री साहित्य, पुणे 9.
_c2006
300 _a416
_bसाधी
365 _b320
520 _aडिपॉझिट सेक्शन.
630 _aजॅकडॉज.
650 _aडिपॉझिट सेक्शन.
730 _aजॅकडॉज.
942 _cBOOK
999 _c737076
_d737073